000 00546nam a2200181Ia 4500
003 GCL
008 140319s9999 xx 000 0 eng d
040 _aGCL /
_cGCL
082 0 4 _aREF
_b011.31
_bL C
100 1 _aLANDBERG, CALO
245 1 0 _aCATALOGUE DE MANUSCRITS ARABES PROVENANT D,UNE BIBLIOTHEQUE PRIVEE A EL MEDINA ET APPARTENANT A LA MAISON /
_cLANDBERG, CALO
260 _a[S.N] :
_bLEIDE - E.J ،
_c1883
300 _a183 P
650 0 4 _aMANUSCRIPTS
650 0 4 _aBIBLIOGRAPHIES
650 0 4 _aMANUSCRIPTS, ARABIC
942 _2ddc
_cBK
999 _c15554
_d15554